50 Military Leaders Who Changed The World : (Record no. 618225)

MARC details
000 -LEADER
fixed length control field 00494nam a2200193 a 4500
008 - FIXED-LENGTH DATA ELEMENTS--GENERAL INFORMATION
fixed length control field 260330s2007##################000#0#eng##
020 ## - INTERNATIONAL STANDARD BOOK NUMBER
ISBN 9788182743137
082 04 - DEWEY DECIMAL CLASSIFICATION NUMBER
Classification number 355.00922
Item number WEI
100 1# - MAIN ENTRY--AUTHOR NAME
Personal name Weir, William,
245 10 - TITLE STATEMENT
Title 50 Military Leaders Who Changed The World :
260 ## - PUBLICATION, DISTRIBUTION, ETC. (IMPRINT)
Year of publication 2007.
300 ## - PHYSICAL DESCRIPTION
Number of Pages 262 pages
650 #0 - SUBJECT ADDED ENTRY--TOPICAL TERM
Topical Term Admirals.
942 ## - ADDED ENTRY ELEMENTS (KOHA)
Koha item type English Books
Holdings
Withdrawn status Lost status Damaged status Not for loan Home library Current library Shelving location Date acquired Full call number Accession Number Price effective from Koha item type
        Anna Centenary Library Anna Centenary Library 4TH FLOOR, A WING 30.03.2026 355.00922 WEI 533595 30.03.2026 English Books

Find us on the map